| 000 | nam a22 7a 4500 | ||
|---|---|---|---|
| 999 |
_c21398 _d21398 |
||
| 008 | 170121b xxu||||| |||| 00| 0 eng d | ||
| 050 | _aND 237 .P4J6 1981 | ||
| 100 | _aJoseph, J. Jonathan. | ||
| 245 |
_ajane Peterson : _ban american artist/ _cJ. Jonathan Joseph and Patricia Jobe Pierce. |
||
| 260 |
_aBoston : _bPrivately printed, _c1981. |
||
| 300 |
_a11op. : _bill. ; _c24cm. |
||
| 500 | _aInclude index. | ||
| 650 |
_aArt _xAmerican. |
||
| 700 | _aPierce, Patricia Jobe. | ||
| 942 |
_2lcc _cBOOKS |
||